Foundation design and construction/ (Record no. 14773)
[ view plain ]
| 000 -LEADER | |
|---|---|
| fixed length control field | 00767cam a2200265 4500 |
| 001 - CONTROL NUMBER | |
| control field | 1262595 |
| 005 - DATE AND TIME OF LATEST TRANSACTION | |
| control field | 20131001143623.0 |
| 008 - FIXED-LENGTH DATA ELEMENTS--GENERAL INFORMATION | |
| fixed length control field | 691016s2001 nyua grb 001 0 eng |
| 010 ## - LIBRARY OF CONGRESS CONTROL NUMBER | |
| LC control number | 74076534 |
| 020 ## - INTERNATIONAL STANDARD BOOK NUMBER | |
| International Standard Book Number | 9780130311801 |
| 040 ## - CATALOGING SOURCE | |
| Original cataloging agency | DLC |
| Transcribing agency | DLC |
| Modifying agency | DLC |
| 050 00 - LIBRARY OF CONGRESS CALL NUMBER | |
| Classification number | TA775 |
| Item number | .T6 1969b |
| 082 00 - DEWEY DECIMAL CLASSIFICATION NUMBER | |
| Classification number | 624.15 |
| Edition number | 22 |
| Item number | TOM |
| 100 1# - MAIN ENTRY--PERSONAL NAME | |
| Personal name | Tomlinson, M. J. |
| Fuller form of name | (Michael John) |
| 9 (RLIN) | 20466 |
| 245 10 - TITLE STATEMENT | |
| Title | Foundation design and construction/ |
| Statement of responsibility, etc | [by] M. J. Tomlinson. |
| 250 ## - EDITION STATEMENT | |
| Edition statement | 7th ed. |
| 260 ## - PUBLICATION, DISTRIBUTION, ETC. (IMPRINT) | |
| Place of publication, distribution, etc | Harlow: |
| Name of publisher, distributor, etc | Pearson, |
| Date of publication, distribution, etc | 2001. |
| 300 ## - PHYSICAL DESCRIPTION | |
| Extent | xiv, 785 p. |
| Other physical details | illus. |
| Dimensions | 23 cm. |
| 350 ## - PRICE (NR) (BK AM CF MU VM SE) [OBSOLETE] | |
| Price | 15.95 |
| 504 ## - BIBLIOGRAPHY, ETC. NOTE | |
| Bibliography, etc | Includes bibliographies. |
| 650 #0 - SUBJECT ADDED ENTRY--TOPICAL TERM | |
| Topical term or geographic name as entry element | Foundations. |
| 9 (RLIN) | 20467 |
| 653 ## - INDEX TERM--UNCONTROLLED | |
| Resource For college | |
| Arrived date list | September2013 |
| 906 ## - LOCAL DATA ELEMENT F, LDF (RLIN) | |
| a | 7 |
| b | cbc |
| c | orignew |
| d | u |
| e | ncip |
| f | 19 |
| g | y-gencatlg |
| 942 ## - ADDED ENTRY ELEMENTS (KOHA) | |
| Source of classification or shelving scheme | Dewey Decimal Classification |
| Item type | Book - Borrowing |
| Withdrawn status | Item status | Source of classification or shelving scheme | Damaged status | Not for loan | Vendor | Home library | Current library | Shelving location | Date acquired | Source of acquisition | Total Checkouts | Total Renewals | Full call number | Barcode | Date last seen | Date last borrowed | Koha item type |
|---|---|---|---|---|---|---|---|---|---|---|---|---|---|---|---|---|---|
| Dewey Decimal Classification | Baccah | Central Library | Central Library | First floor | 17/10/2010 | 2 | 2 | 624.15 TOM | 000021781 | 15/07/2025 | 01/10/2017 | Book - Borrowing | |||||
| Dewey Decimal Classification | Baccah | Central Library | Central Library | First floor | 17/10/2010 | 1 | 624.15 TOM | 000021782 | 15/07/2025 | 06/02/2013 | Book - Borrowing | ||||||
| Dewey Decimal Classification | Baccah | Central Library | Central Library | First floor | 17/10/2010 | 624.15 TOM | 000021786 | 15/07/2025 | NB - Book (Non borrowing) | ||||||||
| Dewey Decimal Classification | Baccah | Central Library | Central Library | First floor | 01/10/2013 | 2 | 624.15 TOM | 000029169 | 15/07/2025 | 18/01/2015 | Book - Borrowing | ||||||
| Dewey Decimal Classification | Baccah | Central Library | Central Library | First floor | 01/10/2013 | 1 | 14 | 624.15 TOM | 000029170 | 15/07/2025 | 31/10/2016 | Book - Borrowing | |||||
| Dewey Decimal Classification | Baccah | Central Library | Central Library | First floor | 01/10/2013 | 3 | 36 | 624.15 TOM | 000029171 | 15/07/2025 | 10/10/2023 | Book - Borrowing | |||||
| Dewey Decimal Classification | Baccah | Central Library | Central Library | First floor | 01/10/2013 | 624.15 TOM | 000029172 | 15/07/2025 | Book - Borrowing |